000 00509nam a2200193Ia 4500
005 20250326144109.0
008 250326s9999 xx 000 0 und d
020 _a0-19-5685504-4
037 _aTextbook
040 _aFMSL
_beng
_cFMSL
041 _aeng
_2eng
084 _aX.44r'P07 P7
_qFMSL
245 0 _aIndia infrastructure report 2007
260 _aNew Delhi
_bNew Delhi, Sage
_c2007
300 _a317p
365 _b575
942 _cTB
_hX.44r'P07 P7
999 _c1302342
_d1302342